000 00411nam a2200169Ia 4500
008 170705s9999 xx 000 0 und d
020 _a590479407
245 _aAmy loves the show /
245 _cJulia Hoban ; pictures by Lillian Hoban.
260 _aNew York :
260 _bScholastic,
260 _c1989
300 _aunpaged :
300 _bcolor illustration ;
300 _c15cm.
500 _a390
999 _c335534
_d335534